[Event "K41 Efteraars EMT Basis 1 2008"]
[Site "Valby"]
[Date "2008.09.09"]
[Round "1"]
[White "Abildgaard, Kenneth"]
[Black "Hou, Mads"]
[Result "1-0"]
[WhiteElo "1712"]
[BlackElo "1531"]
[PlyCount "46"]
[EventDate "2008.??.??"]

1. c4 g6 2. g3 Bg7 3. Bg2 Nf6 4. Nc3 O-O 5. Nf3 d6 6. b3 c5 7. Bb2 Bd7 8. O-O
Nc6 9. d4 cxd4 10. Nxd4 Re8 11. Nc2 Qc8 12. Nd5 Bh3 13. Bxf6 Bxg2 14. Kxg2 Bxf6
15. Nxf6+ exf6 16. Ne3 Qe6 17. Re1 Qe4+ 18. Kg1 Nd4 19. Nd5 Kg7 20. Nc3 Qe5 21.
Qd3 Rad8 22. Rad1 Nc6 23. Nd5 Nd4 1-0

[Event "K41 Efteraars EMT Basis 1 2008"]
[Site "Valby"]
[Date "2008.09.09"]
[Round "1"]
[White "Hansen, Frank"]
[Black "Karup, Jesper"]
[Result "1/2-1/2"]
[WhiteElo "1567"]
[BlackElo "1611"]
[PlyCount "35"]
[EventDate "2008.??.??"]

1. e4 e6 2. d4 d5 3. Nd2 c5 4. Ngf3 Nf6 5. e5 Nfd7 6. c3 Nc6 7. Bd3 Qb6 8. a4
cxd4 9. cxd4 Nxd4 10. a5 Nxf3+ 11. Nxf3 Qc7 12. Bb5 a6 13. Bxd7+ Bxd7 14. O-O
Bb4 15. Bd2 Bxd2 16. Qxd2 O-O 17. Rfc1 Bc6 18. Qb4 1/2-1/2

[Event "K41 Efteraars EMT Basis 1 2008"]
[Site "Valby"]
[Date "2008.09.09"]
[Round "1"]
[White "Eiholt, Bjarne"]
[Black "Berezin, Anton"]
[Result "1-0"]
[WhiteElo "1619"]
[BlackElo "1615"]
[PlyCount "139"]
[EventDate "2008.??.??"]

1. d4 d5 2. c4 e6 3. Nc3 Nf6 4. Bg5 Be7 5. cxd5 Nxd5 6. Bxe7 Qxe7 7. Rc1 O-O 8.
Nf3 b6 9. e3 Bb7 10. Be2 Rd8 11. O-O c6 12. a3 Nd7 13. Nxd5 exd5 14. Bd3 c5 15.
Re1 Rac8 16. Re2 Nf6 17. Rec2 Ne4 18. Ne5 f6 19. Nf3 Bc6 20. dxc5 Ba4 21. c6
Rxc6 22. Nd4 Rcc8 23. b3 Bd7 24. Rxc8 Rxc8 25. Rxc8+ Bxc8 26. Qc1 Qc5 27. Qb2
Bd7 28. h3 Qc3 29. Qb1 f5 30. Ne2 Qd2 31. Bxe4 dxe4 32. Nf4 Qd6 33. Qb2 g5 34.
Ne2 Qd1+ 35. Kh2 Qd6+ 36. Kg1 Qd1+ 37. Kh2 Qd6+ 38. g3 g4 39. Qc1 Qd3 40. Nf4
Qd6 41. Qc4+ Kf8 42. Qa6 Qd2 43. Kg2 Qd1 44. h4 Qf3+ 45. Kg1 Qd1+ 46. Kg2 Qxb3
47. Qxa7 Ke7 48. Qb7 Kd6 49. Qb8+ Kc6 50. Qa7 Kd6 51. Ne2 Qb5 52. Nd4 Qc5 53.
Qb8+ Qc7 54. Qf8+ Kd5 55. Qf7+ Ke5 56. Qxh7 Qd6 57. Qg7+ Kd5 58. h5 f4 59. gxf4
g3 60. Qxg3 Be8 61. Qg5+ Kc4 62. h6 Qg6 63. Kh3 Kc3 64. Kh4 Kb2 65. f5 Qh7 66.
Qg7 Qxg7 67. hxg7 Bf7 68. Nb5 Kb3 69. Nd6 Bg8 70. f6 1-0

[Event "K41 Efteraars EMT Basis 1 2008"]
[Site "Valby"]
[Date "2008.09.16"]
[Round "2"]
[White "Abildgaard, Kenneth"]
[Black "Hansen, Frank"]
[Result "1-0"]
[WhiteElo "1712"]
[BlackElo "1567"]
[PlyCount "45"]
[EventDate "2008.??.??"]

1. c4 g6 2. g3 Bg7 3. Bg2 Nf6 4. Nc3 d6 5. d4 Nc6 6. Nf3 O-O 7. O-O Bg4 8. h3
Be6 9. d5 Bd7 10. dxc6 bxc6 11. Be3 e5 12. Qd2 Re8 13. Bh6 Bh8 14. Bg5 Qc8 15.
Kh2 Rb8 16. b3 Nh5 17. e4 Ng7 18. Bf6 Re6 19. Bxg7 Bxg7 20. Rad1 h6 21. Nh4 Qa6
22. Na4 c5 23. Nxc5 1-0

[Event "K41 Efteraars EMT Basis 1 2008"]
[Site "Valby"]
[Date "2008.09.16"]
[Round "2"]
[White "Karup, Jesper"]
[Black "Eiholt, Bjarne"]
[Result "1-0"]
[WhiteElo "1611"]
[BlackElo "1619"]
[PlyCount "83"]
[EventDate "2008.??.??"]

1. d4 d5 2. Bf4 Nf6 3. Nf3 Bf5 4. e3 e6 5. Bd3 Bxd3 6. Qxd3 Be7 7. Nbd2 O-O 8.
h3 c5 9. c3 Nc6 10. O-O Rc8 11. Rfe1 Qb6 12. Rab1 Rfd8 13. Ne5 Nxe5 14. Bxe5
Nd7 15. Bh2 Nf6 16. g4 Bd6 17. g5 Bxh2+ 18. Kxh2 Qd6+ 19. f4 Nh5 20. Nf3 cxd4
21. Qxd4 Rc4 22. Qd1 g6 23. Qb3 Qc7 24. Rbd1 Rc8 25. Kg2 a6 26. Ne5 Rc5 27. Rd4
Ng7 28. e4 Rb5 29. Qc2 Qc5 30. Red1 Qc7 31. exd5 exd5 32. Rxd5 Rxd5 33. Rxd5
Nf5 34. Qd2 Re8 35. Rd7 Nh4+ 36. Kg3 Nf5+ 37. Kg2 Nh4+ 38. Kg3 Nf5+ 39. Kf3 Qc8
40. Qd5 Nh4+ 41. Kf2 Rf8 42. Nxf7 1-0

[Event "K41 Efteraars EMT Basis 1 2008"]
[Site "Valby"]
[Date "2008.09.16"]
[Round "2"]
[White "Hou, Mads"]
[Black "Hansen, Teddy"]
[Result "0-1"]
[WhiteElo "1531"]
[BlackElo "1645"]
[PlyCount "58"]
[EventDate "2008.??.??"]

1. d4 Nf6 2. c4 g6 3. Nc3 Bg7 4. Nf3 O-O 5. Bg5 h6 6. Bh4 d6 7. e3 Nbd7 8. Bd3
c6 9. Qc2 e5 10. O-O-O a6 11. dxe5 dxe5 12. Ne4 g5 13. Bg3 Nxe4 14. Bxe4 Qa5
15. Kb1 Nb6 16. Nd2 Be6 17. h4 f5 18. hxg5 hxg5 19. Rh5 fxe4 20. Rxg5 Rf5 21.
Nxe4 Qb4 22. Nf6+ Rxf6 23. Bxe5 Nxc4 24. Qh7+ Kxh7 25. Rh1+ Kg8 26. Bxf6 Kf7
27. Bxg7 Na3+ 28. Kc1 Qc4+ 29. Bc3 Rg8 0-1

[Event "K41 Efteraars EMT Basis 1 2008"]
[Site "Valby"]
[Date "2008.09.16"]
[Round "2"]
[White "Berezin, Anton"]
[Black "Nielsen, Soren Skovso"]
[Result "1-0"]
[WhiteElo "1615"]
[BlackElo "1554"]
[PlyCount "69"]
[EventDate "2008.??.??"]

1. d4 Nf6 2. Nf3 e6 3. e3 a6 4. Bd3 c5 5. O-O d5 6. c3 c4 7. Bc2 Nc6 8. Nbd2 b5
9. e4 dxe4 10. Nxe4 Be7 11. Bg5 Nd5 12. Bxe7 Qxe7 13. Qd2 h6 14. Rfe1 O-O 15.
Nc5 Qf6 16. Be4 Rd8 17. Qc2 Ra7 18. Rad1 Qf4 19. Ne5 Rc7 20. g3 Qg5 21. Bh7+
Kf8 22. Nxc6 Rxc6 23. Re5 Qe7 24. Be4 Rcd6 25. Bxd5 Rxd5 26. Qh7 f6 27. Rxd5
exd5 28. Qg6 Qe2 29. Qb1 Bh3 30. Re1 Qf3 31. Ne6+ Kg8 32. Nf4 Bg4 33. Qg6 Bc8
34. Nh5 Qg4 35. Nxf6+ 1-0

[Event "K41 Efteraars EMT Basis 1 2008"]
[Site "Valby"]
[Date "2008.10.14"]
[Round "3"]
[White "Nielsen, Soren Skovso"]
[Black "Karup, Jesper"]
[Result "1/2-1/2"]
[WhiteElo "1554"]
[BlackElo "1611"]
[PlyCount "63"]
[EventDate "2008.??.??"]

1. e4 e6 2. Nc3 d5 3. d4 Bb4 4. Bd3 Ne7 5. a3 Bxc3+ 6. bxc3 c5 7. Bb5+ Nbc6 8.
dxc5 O-O 9. exd5 exd5 10. Nf3 Qa5 11. Bxc6 bxc6 12. Qd4 Nf5 13. Qb4 Re8+ 14.
Kd2 Qa6 15. c4 Bd7 16. Bb2 Rab8 17. Qc3 Re4 18. Rab1 Rbe8 19. Rhe1 f6 20. Qd3
Qa5+ 21. Bc3 Qxc5 22. Rxe4 Rxe4 23. Rb8+ Kf7 24. Bb4 Qxf2+ 25. Kc1 Rxc4 26.
Rf8+ Ke6 27. Kb2 Qb6 28. Ng5+ Ke5 29. Nf3+ Ke6 30. Ng5+ Ke5 31. Nf7+ Ke6 32.
Ng5+ 1/2-1/2

[Event "K41 Efteraars EMT Basis 1 2008"]
[Site "Valby"]
[Date "2008.09.23"]
[Round "3"]
[White "Hansen, Teddy"]
[Black "Berezin, Anton"]
[Result "1-0"]
[WhiteElo "1645"]
[BlackElo "1615"]
[PlyCount "84"]
[EventDate "2008.??.??"]

1. e4 e6 2. d4 d5 3. Nc3 dxe4 4. Nxe4 Be7 5. Nf3 Nf6 6. Bd3 Nxe4 7. Bxe4 Nd7 8.
O-O c5 9. Re1 Nf6 10. Bd3 O-O 11. dxc5 Bxc5 12. Bg5 h6 13. Bh4 Qb6 14. Qe2 Nd5
15. Rab1 Nf4 16. Qe4 Nxd3 17. cxd3 Bd7 18. Ne5 Bc6 19. Nxc6 Qxc6 20. Qxc6 bxc6
21. Rec1 Bb6 22. Rxc6 Rac8 23. Rbc1 Rxc6 24. Rxc6 g5 25. Bg3 Rd8 26. Rc3 Bd4
27. Rb3 Rc8 28. Rb8 Rxb8 29. Bxb8 Bxb2 30. Bxa7 Kf8 31. Bc5+ Ke8 32. d4 h5 33.
f3 Kd7 34. a4 Bc3 35. Bb6 Kc6 36. a5 Kb7 37. Kf2 f5 38. Ke3 Ka6 39. h4 g4 40.
Kf4 Bd2+ 41. Ke5 gxf3 42. gxf3 Bg5 1-0

[Event "K41 Efteraars EMT Basis 1 2008"]
[Site "Valby"]
[Date "2008.09.23"]
[Round "3"]
[White "Eiholt, Bjarne"]
[Black "Abildgaard, Kenneth"]
[Result "0-1"]
[WhiteElo "1619"]
[BlackElo "1712"]
[PlyCount "128"]
[EventDate "2008.??.??"]

1. d4 Nf6 2. c4 g6 3. Nc3 Bg7 4. Bf4 d5 5. e3 c6 6. Nf3 Nbd7 7. h3 Nh5 8. Bh2
Nhf6 9. Rc1 Qb6 10. Qc2 dxc4 11. Bxc4 Qb4 12. Bd3 Nd5 13. O-O N7f6 14. a3 Qa5
15. Nxd5 Nxd5 16. Ne5 O-O 17. Nc4 Qd8 18. b4 Nb6 19. Na5 Nd5 20. Nb3 Re8 21.
Nd2 e5 22. dxe5 Bxe5 23. Bxe5 Rxe5 24. Nf3 Re8 25. Rfe1 Qf6 26. Qc5 Bxh3 27. b5
Bd7 28. Nd4 Ne7 29. bxc6 Nxc6 30. Nb5 Qe5 31. Nd6 Qxc5 32. Rxc5 Re7 33. Rb1 b6
34. Rc3 Re6 35. Nb5 Ne5 36. Nd4 Ree8 37. Ba6 Bc8 38. Bb5 Rd8 39. Rbc1 a6 40.
Bc6 Nxc6 41. Nxc6 Re8 42. Nd4 Bb7 43. Nc6 Re4 44. f3 Ra4 45. Ne7+ Kf8 46. Rc7
Re8 47. Nxg6+ hxg6 48. Rxb7 Rxe3 49. Rcc7 Rf4 50. Rxb6 Rxa3 51. Ra7 a5 52. Rb5
a4 53. Rba5 Kg7 54. Kf2 Kh6 55. Ra8 f5 56. Rh8+ Kg7 57. Rha8 Kh6 58. Rh8+ Kg5
59. Rha8 Rh4 60. g3 Rh2+ 61. Kg1 Rha2 62. R5a6 Rb3 63. f4+ Kg4 64. Rxg6+ Kf3
0-1

[Event "K41 Efteraars EMT Basis 1 2008"]
[Site "Valby"]
[Date "2008.09.30"]
[Round "4"]
[White "Abildgaard, Kenneth"]
[Black "Nielsen, Soren Skovso"]
[Result "1-0"]
[WhiteElo "1712"]
[BlackElo "1554"]
[PlyCount "67"]
[EventDate "2008.??.??"]

1. e4 e5 2. Nf3 Nc6 3. Bc4 Bc5 4. c3 d6 5. d4 exd4 6. cxd4 Bb6 7. O-O Bd7 8.
Re1 Nge7 9. Ng5 Qc8 10. Bxf7+ Kd8 11. Bh5 Be8 12. Ne6+ Qxe6 13. d5 Qf6 14. Bxe8
Qxf2+ 15. Kh1 Ne5 16. Bh5 Nd3 17. Re2 Qh4 18. Qxd3 Qxh5 19. Be3 Rf8 20. Nc3 Ng6
21. Bxb6 axb6 22. Qg3 b5 23. Rc2 b4 24. Nb5 Rf7 25. Rac1 Ne5 26. Nxc7 Rb8 27.
Ne6+ Ke8 28. Nxg7+ Rxg7 29. Qxg7 Rd8 30. Qg8+ Ke7 31. Rc7+ Rd7 32. Qe6+ Kf8 33.
Rc8+ Kg7 34. Rg8# 1-0

[Event "K41 Efteraars EMT Basis 1 2008"]
[Site "Valby"]
[Date "2008.09.30"]
[Round "4"]
[White "Hou, Mads"]
[Black "Berezin, Anton"]
[Result "1-0"]
[WhiteElo "1531"]
[BlackElo "1615"]
[PlyCount "51"]
[EventDate "2008.??.??"]

1. e4 e6 2. Qe2 Nc6 3. Nf3 Bc5 4. Nc3 Nge7 5. Na4 Nd4 6. Nxd4 Bxd4 7. c3 Bb6 8.
Nxb6 axb6 9. d4 O-O 10. g3 d6 11. Bg2 e5 12. O-O c6 13. Be3 Ng6 14. b3 exd4 15.
cxd4 c5 16. dxc5 bxc5 17. h3 b6 18. Rfd1 Be6 19. Qd2 Ne7 20. Qxd6 Qxd6 21. Rxd6
Bxb3 22. Rxb6 c4 23. Bd4 Rfd8 24. axb3 Rxa1+ 25. Bxa1 f6 26. Bf1 1-0

[Event "K41 Efteraars EMT Basis 1 2008"]
[Site "Valby"]
[Date "2008.09.30"]
[Round "4"]
[White "Karup, Jesper"]
[Black "Hansen, Teddy"]
[Result "1-0"]
[WhiteElo "1611"]
[BlackElo "1645"]
[PlyCount "33"]
[EventDate "2008.??.??"]

1. e4 Nf6 2. Nc3 d5 3. exd5 Nxd5 4. d4 c5 5. Bc4 Nxc3 6. bxc3 e6 7. Nf3 Nc6 8.
O-O Be7 9. Bf4 O-O 10. Re1 Bf6 11. Be5 Nxe5 12. Nxe5 Qa5 13. Qf3 Qc7 14. Bd3
Rb8 15. Rab1 b6 16. Re3 Bb7 17. Bxh7+ 1-0

[Event "K41 Efteraars EMT Basis 1 2008"]
[Site "Valby"]
[Date "2008.09.30"]
[Round "4"]
[White "Hansen, Frank"]
[Black "Eiholt, Bjarne"]
[Result "1/2-1/2"]
[WhiteElo "1567"]
[BlackElo "1619"]
[PlyCount "103"]
[EventDate "2008.??.??"]

1. e4 c6 2. f4 d5 3. e5 e6 4. d4 c5 5. Be3 Qb6 6. dxc5 Bxc5 7. Bxc5 Qxc5 8. Bd3
Ne7 9. Nc3 Bd7 10. Qf3 Nbc6 11. O-O-O Nd4 12. Qh3 Ndf5 13. Re1 O-O-O 14. Nf3 h6
15. g4 Nd4 16. Nxd4 Qxd4 17. Ne2 Qa4 18. Kb1 Nc6 19. Qe3 Kb8 20. c3 Rc8 21. Bc2
Qa5 22. Rd1 Qc7 23. Nd4 Nxd4 24. Rxd4 Rhe8 25. h4 Bb5 26. g5 hxg5 27. hxg5 Rh8
28. Rdd1 Bc4 29. g6 fxg6 30. Bxg6 Qa5 31. a3 Qa4 32. Bc2 Bb3 33. Bxb3 Qxb3 34.
f5 Rh2 35. Rxh2 Qxd1+ 36. Ka2 exf5 37. e6 Qg4 38. Qe5+ Ka8 39. Qxd5 Qg5 40. Rg2
Qf6 41. Qd7 Rd8 42. Qc7 Qxe6+ 43. b3 Qe8 44. Qxg7 a6 45. Qg5 Qd7 46. a4 Rc8 47.
Qf6 Qd3 48. Kb2 Qf3 49. Rd2 Qe3 50. Qd4 Qg3 51. Rf2 Rxc3 52. Qd8+ 1/2-1/2

[Event "K41 Efteraars EMT Basis 1 2008"]
[Site "Valby"]
[Date "2008.10.07"]
[Round "5"]
[White "Eiholt, Bjarne"]
[Black "Hou, Mads"]
[Result "1-0"]
[WhiteElo "1619"]
[BlackElo "1531"]
[PlyCount "49"]
[EventDate "2008.??.??"]

1. d4 Nf6 2. c4 c5 3. d5 b5 4. cxb5 a6 5. b6 e6 6. dxe6 fxe6 7. Bg5 h6 8. Bh4
g5 9. Bg3 Bg7 10. Bc7 Qe7 11. Nc3 d5 12. Qc2 O-O 13. Nf3 Nc6 14. e3 Bb7 15. Be2
e5 16. O-O e4 17. Nd2 Kh8 18. a3 d4 19. Ncxe4 dxe3 20. fxe3 Nd4 21. exd4 Nxe4
22. Nxe4 Bxd4+ 23. Nf2 Qf7 24. Bc4 Qf4 25. Bxf4 1-0

[Event "K41 Efteraars EMT Basis 1 2008"]
[Site "Valby"]
[Date "2008.10.07"]
[Round "5"]
[White "Nielsen, Soren Skovso"]
[Black "Hansen, Frank"]
[Result "1-0"]
[WhiteElo "1554"]
[BlackElo "1567"]
[PlyCount "65"]
[EventDate "2008.??.??"]

1. e4 e6 2. Nc3 b6 3. Nf3 c6 4. Be2 d5 5. exd5 cxd5 6. d4 Ne7 7. O-O Ba6 8. Re1
Bxe2 9. Qxe2 Qd7 10. Ne5 Qb7 11. Bf4 a6 12. Nxf7 Kxf7 13. Qxe6+ Ke8 14. Nxd5
Ra7 15. Nxb6 Nbc6 16. Nc8 Qd7 17. Nd6+ Kd8 18. Nf7+ Kc8 19. Qb3 Nd5 20. Ne5 Na5
21. Qb8+ Kxb8 22. Nxd7+ Kc8 23. Nxf8 Nxf4 24. Re8+ Kb7 25. Rae1 Kc6 26. g3 Nd5
27. R1e6+ Kb7 28. Rd8 Nc7 29. Re3 Nc4 30. Rf3 Kc6 31. b3 Nd6 32. c4 Nb7 33. d5+
1-0

[Event "K41 Efteraars EMT Basis 1 2008"]
[Site "Valby"]
[Date "2008.10.07"]
[Round "5"]
[White "Hansen, Teddy"]
[Black "Abildgaard, Kenneth"]
[Result "0-1"]
[WhiteElo "1645"]
[BlackElo "1712"]
[PlyCount "92"]
[EventDate "2008.??.??"]

1. e4 c6 2. d4 d5 3. Nc3 dxe4 4. Nxe4 Nf6 5. Nxf6+ exf6 6. c3 Bd6 7. Bd3 Qc7 8.
Qh5 h6 9. Ne2 c5 10. dxc5 Qxc5 11. Qxc5 Bxc5 12. Bf4 Nc6 13. O-O g5 14. Bd2 Ne5
15. Bb5+ Bd7 16. Bxd7+ Kxd7 17. Rad1 Kc7 18. Ng3 Nd3 19. Ne4 Be7 20. Bxg5 Nxb2
21. Bf4+ Kc6 22. Rd4 Rad8 23. Rb1 Rxd4 24. cxd4 Nd3 25. Bd2 f5 26. Nc3 Bg5 27.
d5+ Kc7 28. Nb5+ Kb8 29. Bxg5 hxg5 30. Nd6 b6 31. Nxf7 Rg8 32. Rd1 Nc5 33. d6
Kc8 34. Rd5 Kd7 35. Rxf5 Ke6 36. Rf3 g4 37. Nh6 Rg6 38. Re3+ Kf6 39. Nxg4+ Rxg4
40. Kf1 Rd4 41. Rh3 a5 42. Rh8 a4 43. d7 Nxd7 44. Ke2 b5 45. Ke3 Rd1 46. Rh6+
Ke7 0-1

[Event "K41 Efteraars EMT Basis 1 2008"]
[Site "Valby"]
[Date "2008.10.07"]
[Round "5"]
[White "Berezin, Anton"]
[Black "Karup, Jesper"]
[Result "1/2-1/2"]
[WhiteElo "1615"]
[BlackElo "1611"]
[PlyCount "91"]
[EventDate "2008.??.??"]

1. d4 e6 2. Nf3 Nf6 3. e3 Be7 4. Bd3 b6 5. Nbd2 Bb7 6. e4 d6 7. O-O O-O 8. Re1
c5 9. c3 Nc6 10. Qc2 cxd4 11. cxd4 Nb4 12. Qb3 Nxd3 13. Qxd3 Rc8 14. b3 a6 15.
Ba3 b5 16. e5 dxe5 17. Bxe7 Qxe7 18. dxe5 Nd5 19. Rec1 Nb4 20. Qd6 Qxd6 21.
exd6 Nd3 22. Rd1 Rfd8 23. Nf1 Be4 24. Ng3 Bg6 25. h4 h6 26. Rd2 Rxd6 27. Ne5
Bh7 28. Rad1 Rcd8 29. Ne2 f6 30. Nxd3 Rxd3 31. Rxd3 Rxd3 32. Rxd3 Bxd3 33. Nd4
Kf7 34. f3 h5 35. Kf2 Bb1 36. a3 Ba2 37. b4 Bd5 38. Ke3 f5 39. g3 Kf6 40. f4 e5
41. fxe5+ Kxe5 42. Ne2 g6 43. Nf4 Bf7 44. Kd3 Be8 45. Ke3 Bf7 46. Nd3+ 1/2-1/2

[Event "K41 Efteraars EMT Basis 1 2008"]
[Site "Valby"]
[Date "2008.10.21"]
[Round "6"]
[White "Eiholt, Bjarne"]
[Black "Nielsen, Soren Skovso"]
[Result "0-1"]
[WhiteElo "1619"]
[BlackElo "1554"]
[PlyCount "106"]
[EventDate "2008.??.??"]

1. d4 Nf6 2. c4 e6 3. Nc3 d5 4. Bg5 Be7 5. cxd5 exd5 6. e3 h6 7. Bh4 O-O 8. Bd3
Nc6 9. a3 Be6 10. Nge2 Qd7 11. Qc2 Rfe8 12. O-O a6 13. Nf4 Rad8 14. Nxe6 fxe6
15. Rad1 Rf8 16. f3 Bd6 17. Ne2 Qc8 18. h3 Be7 19. Bf2 Bd6 20. e4 dxe4 21. fxe4
e5 22. dxe5 Nxe5 23. Qb3+ Kh8 24. Bc2 Nh5 25. Nd4 Nf4 26. Bg3 Neg6 27. Rde1 Bc5
28. Bf2 Bxd4 29. Bxd4 Rxd4 30. e5 Rd2 31. Be4 c6 32. e6 Ne7 33. Qe3 Nxh3+ 34.
Qxh3 Rxf1+ 35. Rxf1 Qd8 36. Qf3 Qd4+ 37. Kh1 Qf6 38. Qxf6 gxf6 39. Rxf6 Rd1+
40. Kh2 Rd8 41. Rxh6+ Kg7 42. Rh7+ Kf6 43. Rh6+ Ke5 44. Bf3 b6 45. g4 Rd6 46.
Kh3 Rd2 47. g5 Rxb2 48. Rf6 Ra2 49. Bg4 Rxa3+ 50. Kh4 Ra1 51. Rf7 Rh1+ 52. Bh3
Kd6 53. Rf8 Ng6+ 0-1

[Event "K41 Efteraars EMT Basis 1 2008"]
[Site "Valby"]
[Date "2008.10.21"]
[Round "6"]
[White "Abildgaard, Kenneth"]
[Black "Berezin, Anton"]
[Result "1-0"]
[WhiteElo "1712"]
[BlackElo "1615"]
[PlyCount "57"]
[EventDate "2008.??.??"]

1. c4 e6 2. g3 d5 3. b3 Be7 4. Bg2 Nf6 5. Nf3 O-O 6. O-O c5 7. cxd5 exd5 8. d4
Ne4 9. Bb2 Bf6 10. Qc2 Bf5 11. Qc1 Nc6 12. Rd1 cxd4 13. Nxd4 Rc8 14. Nxf5 Nd4
15. Nxd4 Rxc1 16. Rxc1 Qb6 17. e3 Qa5 18. Nc3 Bxd4 19. exd4 f5 20. Rc2 Rc8 21.
Rac1 Qd8 22. Nxe4 Rxc2 23. Rxc2 fxe4 24. Bh3 Kf7 25. Rc5 b6 26. Rc6 Qg5 27.
Be6+ Ke7 28. Ba3+ Kf6 29. Bc1 1-0

[Event "K41 Efteraars EMT Basis 1 2008"]
[Site "Valby"]
[Date "2008.10.21"]
[Round "6"]
[White "Hansen, Frank"]
[Black "Hansen, Teddy"]
[Result "0-1"]
[WhiteElo "1567"]
[BlackElo "1645"]
[PlyCount "34"]
[EventDate "2008.??.??"]

1. d4 d5 2. c4 Nc6 3. cxd5 Qxd5 4. Nf3 e5 5. Nc3 Bb4 6. dxe5 Qxd1+ 7. Kxd1 Nge7
8. Bd2 Bg4 9. a3 Bxc3 10. Bxc3 O-O-O+ 11. Ke1 Nd5 12. Ng5 Nxc3 13. Nxf7 Nd5 14.
f3 Be6 15. Nxh8 Rxh8 16. e4 Ne3 17. f4 Nc2+ 0-1

[Event "K41 Efteraars EMT Basis 1 2008"]
[Site "Valby"]
[Date "2008.10.21"]
[Round "6"]
[White "Hou, Mads"]
[Black "Karup, Jesper"]
[Result "0-1"]
[WhiteElo "1531"]
[BlackElo "1611"]
[PlyCount "42"]
[EventDate "2008.??.??"]

1. e4 e6 2. d4 d5 3. Nc3 Bb4 4. e5 c5 5. a3 Bxc3+ 6. bxc3 Ne7 7. Qg4 O-O 8. Nf3
f5 9. exf6 Rxf6 10. Ne5 Nbc6 11. Bd3 c4 12. Bg5 Nxe5 13. dxe5 Rf7 14. Be2 Qf8
15. O-O Nf5 16. Rab1 Qxa3 17. Qh3 b6 18. Bh5 Rf8 19. g4 Nd4 20. Bc1 Ne2+ 21.
Kg2 Qxc1 0-1

[Event "K41 Efteraars EMT Basis 1 2008"]
[Site "Valby"]
[Date "2008.10.28"]
[Round "7"]
[White "Karup, Jesper"]
[Black "Abildgaard, Kenneth"]
[Result "0-1"]
[WhiteElo "1611"]
[BlackElo "1712"]
[PlyCount "144"]
[EventDate "2008.??.??"]

1. b4 e5 2. Bb2 f6 3. e4 Bxb4 4. Bc4 Ne7 5. f4 exf4 6. Qh5+ Ng6 7. Nf3 Qe7 8.
O-O Qc5+ 9. Qxc5 Bxc5+ 10. d4 Be7 11. Nc3 Nc6 12. a3 b6 13. Nb5 Bd8 14. Rfe1
Na5 15. Ba2 Ba6 16. a4 Bxb5 17. axb5 Be7 18. Bc3 O-O-O 19. Bd5 c6 20. bxc6 dxc6
21. Be6+ Kb7 22. Bxa5 bxa5 23. Rxa5 Rd6 24. Rb1+ Ka8 25. d5 Bd8 26. Ra6 Ne7 27.
Rba1 Kb8 28. Kf1 Bb6 29. c4 Ng6 30. Rc1 c5 31. Rb1 Ne5 32. Nxe5 fxe5 33. Ke2 h5
34. h3 g5 35. Kf3 Rf8 36. Ra2 Kc7 37. Ra6 Kd8 38. Rba1 Ke7 39. Rb1 Kf6 40. Rh1
Ra8 41. Rha1 Rh8 42. Rg1 Rh7 43. Rb1 Rg7 44. Rh1 Ke7 45. Rh2 Rd8 46. g4 Rh8 47.
Rh1 Rgh7 48. Rh2 hxg4+ 49. Bxg4 Rh4 50. Rh1 R8h6 51. Rh2 Kd6 52. Rh1 Kc7 53.
Ra4 a5 54. Rh2 Rh8 55. Rh1 Kb7 56. Rh2 Ka6 57. Rh1 Rb8 58. Rb1 Bc7 59. Rxb8
Bxb8 60. Ke2 Rh8 61. Be6 Bc7 62. Bg4 Rb8 63. Ra3 Rb4 64. Kd3 Rb1 65. Kc2 Rb4
66. Kd3 a4 67. Bd7 Ka5 68. Rc3 Rb3 69. Rxb3 axb3 70. Be6 Kb4 71. Bg4 Ka3 72.
Bd1 b2 0-1

[Event "K41 Efteraars EMT Basis 1 2008"]
[Site "Valby"]
[Date "2008.10.28"]
[Round "7"]
[White "Hansen, Teddy"]
[Black "Eiholt, Bjarne"]
[Result "1-0"]
[WhiteElo "1645"]
[BlackElo "1619"]
[PlyCount "79"]
[EventDate "2008.??.??"]

1. f4 e5 2. e4 Be7 3. d4 exd4 4. Nf3 Nc6 5. Nxd4 Nxd4 6. Qxd4 Nf6 7. e5 Ng4 8.
f5 Nh6 9. f6 Bf8 10. Bc4 gxf6 11. exf6 c6 12. Bg5 d5 13. Bd3 Qb6 14. Qe5+ Be6
15. Be3 Qa5+ 16. Bd2 Qd8 17. Nc3 Ng4 18. Qe2 Nxf6 19. O-O-O Be7 20. h3 Qd7 21.
Be3 O-O-O 22. Bxa7 Qc7 23. Bd4 Qf4+ 24. Be3 Qb4 25. Nb1 d4 26. Bd2 Qb6 27. a3
Rhe8 28. Qf2 Nd7 29. Bxh7 Ba2 30. Bf4 Bxb1 31. Kxb1 Bxa3 32. Qxd4 Bc5 33. Qa4
Qa7 34. Qxa7 Bxa7 35. Rhe1 Rh8 36. Bf5 Rh5 37. g4 Rxh3 38. Bg5 Rhh8 39. Bxd8
Rxd8 40. Re7 1-0

[Event "K41 Efteraars EMT Basis 1 2008"]
[Site "Valby"]
[Date "2008.10.28"]
[Round "7"]
[White "Nielsen, Soren Skovso"]
[Black "Hou, Mads"]
[Result "1/2-1/2"]
[WhiteElo "1554"]
[BlackElo "1531"]
[PlyCount "72"]
[EventDate "2008.??.??"]

1. e4 c5 2. Nf3 d6 3. d4 cxd4 4. Nxd4 Nf6 5. Nc3 Nc6 6. Be2 g6 7. O-O Bg7 8.
Nxc6 bxc6 9. e5 dxe5 10. Qxd8+ Kxd8 11. Rd1+ Ke8 12. Bf3 Bb7 13. Rb1 e6 14. a3
h6 15. b4 Nd5 16. Ne4 Ke7 17. c4 Nf6 18. Nc5 e4 19. Be2 Bc8 20. Bf4 Ne8 21.
Nxe4 e5 22. Be3 Bf5 23. Bc5+ Ke6 24. Bf3 g5 25. h3 Bf6 26. Rbc1 Be7 27. Bxe7
Kxe7 28. Nc5 Rc8 29. g4 Be6 30. Be4 Nd6 31. Bd3 h5 32. Nxe6 fxe6 33. Be2 hxg4
34. Bxg4 Nf5 35. Rc3 Rcd8 36. Re1 Kf6 1/2-1/2

[Event "K41 Efteraars EMT Basis 1 2008"]
[Site "Valby"]
[Date "2008.10.28"]
[Round "7"]
[White "Berezin, Anton"]
[Black "Hansen, Frank"]
[Result "0-1"]
[WhiteElo "1615"]
[BlackElo "1567"]
[PlyCount "40"]
[EventDate "2008.??.??"]

1. d4 Nf6 2. Nf3 g6 3. c4 d5 4. Nc3 Bg7 5. Bf4 O-O 6. cxd5 Nxd5 7. Nxd5 Qxd5 8.
Bxc7 Bg4 9. Ne5 Bf5 10. e3 Na6 11. Bxa6 bxa6 12. Nf3 Rac8 13. Be5 Qa5+ 14. Nd2
Bxe5 15. dxe5 Rc2 16. O-O Rxd2 17. Qe1 Rb8 18. e4 Be6 19. Rb1 Bc4 20. b4 Qxa2
0-1